Don Quixote / (Record no. 157)

MARC details
000 -LEADER
fixed length control field 00763cam a22002654a 4500
005 - DATE AND TIME OF LATEST TRANSACTION
control field 20260322212008.0
008 - FIXED-LENGTH DATA ELEMENTS--GENERAL INFORMATION
fixed length control field data
010 ## - LIBRARY OF CONGRESS CONTROL NUMBER
LC control number 00052643
020 ## - INTERNATIONAL STANDARD BOOK NUMBER
International Standard Book Number 0451527860 (pbk. : alk. paper)
020 ## - INTERNATIONAL STANDARD BOOK NUMBER
International Standard Book Number 9780451527868 (pbk. : alk. paper)
040 ## - CATALOGING SOURCE
Original cataloging agency DLC
Transcribing agency DLC
Modifying agency DLC
041 1# - LANGUAGE CODE
Language code of text/sound track or separate title eng
Language code of original spa
042 ## - AUTHENTICATION CODE
Authentication code pcc
050 00 - LIBRARY OF CONGRESS CALL NUMBER
Classification number PQ6329
Item number .A2 2001
082 00 - DEWEY DECIMAL CLASSIFICATION NUMBER
Classification number 863/.3
Edition information 21
092 ## - LOCALLY ASSIGNED DEWEY CALL NUMBER (OCLC)
Classification number 863.3 A2 2001
001 - CONTROL NUMBER
control field data
100 1# - MAIN ENTRY--PERSONAL NAME
Personal name Cervantes Saavedra, Miguel de,
Dates associated with a name 1547-1616.
240 10 - UNIFORM TITLE
Uniform title Don Quixote.
Language of a work English
245 10 - TITLE STATEMENT
Title Don Quixote /
Statement of responsibility, etc. Miguel de Cervantes Saavedra & Walter Starkie.
260 ## - PUBLICATION, DISTRIBUTION, ETC.
Place of publication, distribution, etc. New York :
Name of publisher, distributor, etc. Signet Classic,
Date of publication, distribution, etc. 2001.
300 ## - PHYSICAL DESCRIPTION
Extent 1050 p. ;
Dimensions 18 cm.
504 ## - BIBLIOGRAPHY, ETC. NOTE
Bibliography, etc. note Includes bibliographical references.
700 1# - ADDED ENTRY--PERSONAL NAME
Personal name Starkie, Walter,
Dates associated with a name 1894-1976.
Holdings
Withdrawn status Lost status Damaged status Not for loan Home library Current library Shelving location Date acquired Total checkouts Full call number Barcode Date last seen Price effective from Koha item type
        Franklin Franklin General stacks 22/03/2026   863/.3 21 BC0010162 22/03/2026 22/03/2026 Books